Harry Potter and the Chamber of Secrets / (Record no. 368631)
[ view plain ]
| 000 -LEADER | |
|---|---|
| fixed length control field | 01149nam a22002657a 4500 |
| 003 - CONTROL NUMBER IDENTIFIER | |
| control field | 0 |
| 005 - DATE AND TIME OF LATEST TRANSACTION | |
| control field | 20251113160321.0 |
| 008 - FIXED-LENGTH DATA ELEMENTS--GENERAL INFORMATION | |
| fixed length control field | 251113b xxu||||| |||| 00| 0 eng d |
| 020 ## - INTERNATIONAL STANDARD BOOK NUMBER | |
| International Standard Book Number | 978-1-338-29915-1 |
| 050 ## - LIBRARY OF CONGRESS CALL NUMBER | |
| Classification number | PZ 7 |
| Item number | .R79835 Cha 2018 |
| 100 ## - MAIN ENTRY--PERSONAL NAME | |
| Personal name | Rowling, J. K., |
| Relator term | author. |
| 245 ## - TITLE STATEMENT | |
| Title | Harry Potter and the Chamber of Secrets / |
| Statement of responsibility, etc | J. K. Rowling. |
| 260 ## - PUBLICATION, DISTRIBUTION, ETC. (IMPRINT) | |
| Place of publication, distribution, etc | New York : |
| Name of publisher, distributor, etc | Scholastic Inc., |
| Date of publication, distribution, etc | 2018. |
| 300 ## - PHYSICAL DESCRIPTION | |
| Extent | 341 pages ; |
| Dimensions | 341 pages ; $c 21 cm |
| 490 ## - SERIES STATEMENT | |
| Series statement | Harry Potter ; |
| Volume number/sequential designation | bk. 2 |
| 500 ## - GENERAL NOTE | |
| General note | Originally published in Great Britain by Bloomsbury Publishing Plc, 1998.<br/>Sequel to: Harry Potter and the Sorcerer’s Stone.<br/>Followed by: Harry Potter and the Prisoner of Azkaban. |
| 520 ## - SUMMARY, ETC. | |
| Summary, etc | Harry Potter returns to Hogwarts for his second year, where he uncovers dark secrets about the Chamber of Secrets and faces the threat of a mysterious creature endangering the school.<br/> |
| 650 ## - SUBJECT ADDED ENTRY--TOPICAL TERM | |
| Topical term or geographic name as entry element | Wizards |
| Form subdivision | Juvenile fiction. |
| 650 ## - SUBJECT ADDED ENTRY--TOPICAL TERM | |
| Topical term or geographic name as entry element | Magic |
| Form subdivision | Juvenile fiction. |
| 650 ## - SUBJECT ADDED ENTRY--TOPICAL TERM | |
| Topical term or geographic name as entry element | Schools |
| Form subdivision | Juvenile fiction. |
| 650 ## - SUBJECT ADDED ENTRY--TOPICAL TERM | |
| Topical term or geographic name as entry element | England |
| Form subdivision | Juvenile fiction. |
| 650 ## - SUBJECT ADDED ENTRY--TOPICAL TERM | |
| Topical term or geographic name as entry element | Fantasy fiction. |
| 830 ## - SERIES ADDED ENTRY--UNIFORM TITLE | |
| Uniform title | Harry Potter ; |
| Version | bk. 2. |
| 942 ## - ADDED ENTRY ELEMENTS (KOHA) | |
| Source of classification or shelving scheme | Library of Congress Classification |
| Koha item type | Books |
| Withdrawn status | Lost status | Source of classification or shelving scheme | Damaged status | Home library | Current library | Shelving location | Date acquired | Source of acquisition | Sub Shelving location | Total Checkouts | Full call number | Barcode | Date last seen | Price effective from | Koha item type |
|---|---|---|---|---|---|---|---|---|---|---|---|---|---|---|---|
| Library of Congress Classification | Luxembourg Library | Luxembourg Library | Fiction Section | 02/06/2025 | Donation | PZ 7 .R79835 Cha 2018 | 21320 | 11/13/2025 | 11/13/2025 | Books |